Аналітична економія: макроекономіка і мікроекономіка (Запис № 332897)
[ простий вигляд ]
| 000 -LEADER | |
|---|---|
| fixed length control field | 00858nam a22002417a 4500 |
| 001 - CONTROL NUMBER | |
| control field | 46787 |
| 003 - CONTROL NUMBER IDENTIFIER | |
| control field | UA-OsUOA |
| 005 - DATE AND TIME OF LATEST TRANSACTION | |
| control field | 20220713110045.0 |
| 007 - PHYSICAL DESCRIPTION FIXED FIELD--GENERAL INFORMATION | |
| fixed length control field | ta |
| 008 - FIXED-LENGTH DATA ELEMENTS--GENERAL INFORMATION | |
| fixed length control field | 20070705b un ||||| |||| 00| 0 ukr d |
| 020 ## - INTERNATIONAL STANDARD BOOK NUMBER | |
| International Standard Book Number | 96-346-245-0 |
| 040 ## - CATALOGING SOURCE | |
| Original cataloging agency | UA-OsUOA |
| Language of cataloging | ukr |
| Transcribing agency | UA-OsUOA |
| Modifying agency | UA-OsUOA |
| 041 ## - LANGUAGE CODE | |
| Language code of text/sound track or separate title | ukr |
| 080 ## - UNIVERSAL DECIMAL CLASSIFICATION NUMBER | |
| Universal Decimal Classification number | 330.54(075.8) |
| 090 ## - LOCALLY ASSIGNED LC-TYPE CALL NUMBER (OCLC); LOCAL CALL NUMBER (OCLC) | |
| Classification number (OCLC) (R) ; Classification number, CALL (RLIN) (NR) | 330.54(075.8) |
| Local cutter number (OCLC) ; Book number/undivided call number, CALL (RLIN) | А64 |
| 245 ## - TITLE STATEMENT | |
| Title | Аналітична економія: макроекономіка і мікроекономіка |
| Remainder of title | навч. посіб. у 2-х кн. |
| Statement of responsibility, etc | за ред. С. Панчишина, П. Островерха |
| Number of part/section of a work | кн. 2 |
| Name of part/section of a work | Мікроекономіка |
| 260 ## - PUBLICATION, DISTRIBUTION, ETC. (IMPRINT) | |
| Place of publication, distribution, etc | К. |
| Name of publisher, distributor, etc | Знання |
| Date of publication, distribution, etc | 2006 |
| 300 ## - PHYSICAL DESCRIPTION | |
| Extent | 437 с. |
| 650 #7 - SUBJECT ADDED ENTRY--TOPICAL TERM | |
| Topical term or geographic name as entry element | 330 Економіка взагалі |
| Source of heading or term | UDC |
| 942 ## - ADDED ENTRY ELEMENTS (KOHA) | |
| Koha item type | Книги |
| Source of classification or shelving scheme | Universal Decimal Classification |
| 955 ## - COPY-LEVEL INFORMATION (RLIN) | |
| Classification number, CCAL (RLIN) | Навчальні видання |
| Withdrawn status | Lost status | Source of classification or shelving scheme | Damaged status | Not for loan | Home library | Current library | Date acquired | Source of acquisition | Cost, normal purchase price | Inventory number | Full call number | Barcode | Date last seen | Price effective from | Koha item type | Total Checkouts |
|---|---|---|---|---|---|---|---|---|---|---|---|---|---|---|---|---|
| Universal Decimal Classification | ЧЗ - Читальна зала | ЧЗ - Читальна зала | 05/07/2007 | 122/2007 | 45.00 | 105497 | 330.101.54(075.8) А64 | 105497 | 06/02/2022 | 05/07/2007 | Книги | |||||
| Universal Decimal Classification | ЧЗ - Читальна зала | ЧЗ - Читальна зала | 13/09/2007 | 146/2007 | 45.00 | 108193 | 330.101.54(075.8) А64 | 108193 | 06/02/2022 | 13/09/2007 | Книги | |||||
| Universal Decimal Classification | ЧЗ - Читальна зала | ЧЗ - Читальна зала | 13/09/2007 | 146/2007 | 45.00 | 108194 | 330.101.54(075.8) А64 | 108194 | 06/02/2022 | 13/09/2007 | Книги | |||||
| Universal Decimal Classification | ЧЗ - Читальна зала | ЧЗ - Читальна зала | 28/02/2011 | 24/2011 | 70.00 | 131085 | 330.101.54(075.8) А64 | 131085 | 06/02/2022 | 28/02/2011 | Книги |